000 00307nam a22001217a 4500
020 _a0078308194
082 _222
_a005.446
100 _aEcklund, eric.
245 _aWindows XP : a comprehensive approach /
260 _bGlencoe Mc Graw- Hill,
_cc2002
300 _axvi,352 p, ;
_bNA
_c24 cm.
942 _2ddc
_cIT
999 _c3723
_d3723